Statistiques concernant Prénom en commun #4 - David

Cliquez ici pour prendre le quiz!

Statistiques générales

  • Ce quiz a été pris 222 fois
  • Le résultat moyen est 9 sur 18

Statistiques - réponses

IndicePrénomNom% Correct
DJ français classé 'DJ le plus populaire au monde' en 2011 et 2020.DavidGuetta
94%
Footballeur anglais considéré comme l'un des meilleurs milieux de terrains de l'histoire.DavidBeckham
90%
Judoka français quadruple champion du monde, devenu homme politique.DavidDouillet
85%
Chanteur-musicien et pilote automobile français, il est le fils des célèbres Johnny et Sylvie.DavidHallyday
85%
Journaliste français, présentateur du '20h' de France 2 de 2001 à 2017.DavidPujadas
84%
Chanteur et acteur anglais, il devient une icône pop mondiale avec 'Let's Dance'.DavidBowie
67%
Prestidigitateur américain, il est le magicien qui a connu le plus grand succès commercial de tous les temps.DavidCopperfield
66%
Cinéaste américain à qui l'on doit Elephant Man, Dune, ou encore la série Twin Peaks.DavidLynch
54%
Footballeur international français ayant remporté la Coupe du Monde en 1998.DavidTrezeguet
54%
Acteur et chanteur américain, connu pour ses rôles principaux dans 'K 2000' et 'Alerte à Malibu'.DavidHasselhoff
52%
Réalisateur américain connu pour 'Seven', 'Fight Club', 'L'Étrange Histoire de Benjamin Button',...DavidFincher
43%
Comédien et humoriste français, membre du duo 'Palmashow' depuis 2002.DavidMarsais
36%
Catcheur et acteur américain, interprète de Drax dans 'Les Gardiens de la Galaxie'.DavidBautista
25%
Acteur américain, connu pour ses rôles dans 'X-Files', 'Californication' et 'Aquarius'.DavidDuchovny
25%
Explorateur écossais qui découvrit la vallée du Zambèze et rechercha longtemps les sources du Nil.DavidLivingstone
18%
Réalisateur britannique, à qui l'on doit les quatre derniers 'Harry Potter', et 'Les Animaux Fantastiques'.DavidYates
17%
Auteur américain de fantasy à succès, comme 'La Belgariade' ou 'La Trilogie des Joyaux'.DavidEddings
5%
Peintre anglais, figure majeure du mouvement pop art des années 1960 et de l'hyperréalisme.DavidHockney
5%

Distribution des résultats

Percentile par nombre de réponses

% des personnes avec chaque résultat

Votre développement - résultats

Vous n’avez pas pris ce quiz